00787nam a2200229Ia 450000500170000000800410001702000180005804000180007604100080009408200200010210000160012224501160013825000380025426000550029230000330034765000310038065000330041165000220044465000260046665000470049270000180053920230301113824.0210716s2010 xx 000 0 und d a9788120338784 cAIMIT LIBRARY aeng a158.3 21bLATP aLata, Pushp aCommunicate to conquer : bA handbook of group discussions and job interviews /cBy Pushp Lata and Sanjay Kumar a1st ed.bEastern Economy Edition. aNew Delhi :bPHI Learning private limited ,c2010. aviii,136p. ;bPB :c21.6 cm. aMeeting Challenges Head on aCultivating Corporate Skills aGroup Discussions aWinning Job Interview aLearning By Example- Sample Job Interviews aKumar, Sanjay